00502nam a2200145Ia 4500003000200000005001700002008004100019050002200060100002500082245011300107260008600220300002100306500001400327521001500341020231106100806.0140724s9999 xx 000 0 und d aRC 321b.B33 2023 aBadilla, Camille DC. 4aSelf-control and emotion dysregulation of young adults with compulsive buying behaviorcBadilla, Camille DC. aLas Piñas, Philippines :bSouthville International School and Colleges,cc2023. a306 p. :c28 cm. aEmotions. aPsychology